000 00413nam a2200145 i 4500
001 bg
245 0 _aEmigracja z ziem polskich w czasach nowożytnych i najnowszych (XVIII-XX ) wieku /
_cpod red. A. Pilcha.
260 _aWarszawa,
_c1984.
700 1 _aPilch, Andrzej.
_eRed.
040 _cBPK
041 _apol
080 _a943.8.04/.083-87"17/19"
942 _cKS
008 s pl f |000 0 pol
999 _c22824
_d22824
856 _uhttp://koha.tu.koszalin.pl/cgi-bin/koha/opac-detail.pl?biblionumber=22824
_yKatalog online BPK